000 01091nam a22003377a 4500
003 CHAP
005 20220329140740.0
008 971013s1983 r 00010 d
010 _a57004
011 _a57976
035 _a62131
040 _cCHAP
090 _aTesis
100 0 0 _aSolano David, César Augusto.
_9108340
245 _aprograma de capacitación técnica en el proceso del ordeño mecánico
260 _aMéxico, D.F. :
_bEl autor,
_c1983
300 _a73 h.
502 _aTesis (Médico Veterinario Zootecnista) -- UNAM. Fac. de Medicina Veterinaria y Zootecnia
590 _aALEPH
_b10
_c20130110
_lUCH01
_h1335
590 _aBATCH-UPD
_b10
_c20130110
_lUCH01
_h0937
590 _aBATCH-UPD
_b10
_c20130410
_lUCH01
_h0555
590 _aBATCH-UPD
_b10
_c20130914
_lUCH01
_h0838
590 _aCONVERSION
_b10
_c20130109
_lUCH01
_h1331
650 1 4 _aCapacitación.
_918690
650 1 4 _aGranjas lecheras.
_950407
650 1 4 _aLeche
_xProducción.
_965400
650 1 4 _aOrdeñadoras.
_983425
901 _aBK
942 _cTESIS
949 _bBC
_cTES
_d-133191
_eTS1
_i62131
_si
999 _c57004
_d57004